LDR 01121naa#a2200181#i#450# 001 EN\\bibl\120829 005 20260426121341.7 011 ## _a2223-4608 100 ## _a20260430b2026####ek#y0engy0150####ca 102 ## _aRU 200 1# _aThe dependence of condition of grinding finish parts on the content of residual austenite in the surface layer of casehardened steel _eJournal article 210 1# _aBryansk _cBryansk State Technical University _d2026 215 ## _a8 с. 608 ## _aJournal article _2local 675 ## _aОбработка давлением. Пластическое формообразование. Формоизменяющие операции (без снятия стружки). Отделка в целом. Соединение материалов. Процессы (технология), инструменты, машины и оборудование. 621.7 _aИспытания материалов. Товароведение. Силовые станции. Общая энергетика. 620 _z 700 #1 _aFedotov _gVivtor Vasilievich 700 #1 _aKiselyov _gEvgeny Stepanovich 856 4# _abstu.editorum.ru _u